| 000 | 00899nam a2200217Ia 4500 | ||
|---|---|---|---|
| 001 | 11879 | ||
| 003 | GE_BSU | ||
| 008 | 181216s||||||||xx |||||||||||||| ||und|| | ||
| 040 | _cGE_BSU | ||
| 080 | _a619(075) | ||
| 100 | _aსინევი ა.ვ. | ||
| 245 | _aშინაური ცხოველების შინაგან დაავადებათა კლინიკური დიაგნოსტიკა | ||
| 245 | _cრედ: მაღრაძე პ.გ. მთარგმ: ქურთიშვილი გ.ბ. | ||
| 260 | _aთბილისი | ||
| 260 | _bცოდნა | ||
| 260 | _c1958 | ||
| 300 | _a365გვ.26სმ. | ||
| 300 | _eილ. | ||
| 653 | _aშინაური ცხოველების შინაგან დაავადებათა კლინიკური დიაგნოსტიკა | ||
| 942 | _cBK | ||
| 999 |
_c45056 _d45056 |
||